书目信息 |
| 题名: |
百姓家常菜
|
|
| 作者: | 纪丹丹 主编 | |
| 分册: | ||
| 出版信息: | 北京 中国社会出版社 2004.10 |
|
| 页数: | 352页 | |
| 开本: | 20cm | |
| 丛书名: | 新编现代生活系列丛书 | |
| 单 册: | ||
| 中图分类: | TS972.12 | |
| 科图分类: | ||
| 主题词: | 菜谱 | |
| 电子资源: | ||
| ISBN: | 7-5087-0191-7 | |
| 000 | 00795oam2 2200253 45 | |
| 001 | ZWTS00000178 | |
| 005 | 20060829092156.94 | |
| 010 | @a7-5087-0191-7@dCNY29.80 | |
| 100 | @a20060815d2004 ekmy0chiy0120 ea | |
| 101 | 0 | @achi |
| 102 | @aCN@b110000 | |
| 105 | @aa z 000yy | |
| 200 | 1 | @a百姓家常菜@ABai Xing Jia Chang Cai@f纪丹丹主编@FJi Dan Dan Zhu Bian |
| 210 | @a北京@c中国社会出版社@d2004.10 | |
| 215 | @a352页@c彩图@d20cm | |
| 225 | 2 | @a新编现代生活系列丛书 |
| 330 | @a本书搜集百姓在日常生活中积累下来的各种生活小窍门,包括民间传统食疗;健康小窍门;吃、穿、用等。 | |
| 410 | 0 | @12001 @a新编现代生活系列丛书 |
| 606 | 0 | @a菜谱 |
| 690 | @aTS972.12@v4 | |
| 701 | 0 | @a纪丹丹@AJi Dan Dan@4主编 |
| 801 | 0 | @aCN@bBZT@c20060829 |
| 905 | @aBZT@dTS972.12@e1 | |
| 906 | @dCNY29.80@n0@r1 | |
| 百姓家常菜/纪丹丹主编.-北京:中国社会出版社,2004.10 |
| 352页:彩图;20cm.-(新编现代生活系列丛书) |
| ISBN 7-5087-0191-7:CNY29.80 |
| 本书搜集百姓在日常生活中积累下来的各种生活小窍门,包括民间传统食疗;健康小窍门;吃、穿、用等。 |
| ● |
| 相关链接 |
|
|
|
正题名:百姓家常菜
索取号:TS972.12/1
 
预约/预借
| 序号 | 登录号 | 条形码 | 馆藏地/架位号 | 状态 | 备注 |
| 1 | 451469 | 230065755 | 中心书库中库/ 中库024架A面3列2层7/ [索取号:TS972.12/1] | 在馆 | |
| 2 | 451470 | 230065754 | 中心书库中库/ 中库024架A面3列2层11/ [索取号:TS972.12/1] | 在馆 | |
| 3 | 451471 | 230065753 | 中心书库中库/ 中库024架A面3列2层9/ [索取号:TS972.12/1] | 在馆 | |
| 4 | 451472 | 230065752 | 中心书库中库/ 中库024架A面3列2层10/ [索取号:TS972.12/1] | 在馆 | |
| 5 | 451473 | 230065751 | 中心书库中库/ 中库024架A面3列2层8/ [索取号:TS972.12/1] | 在馆 |